000 01183cam a22003613a 4500
001 2232
003 FISKH
005 20231113105430.0
008 030304s2003 nyua j 000 1 eng d
010 _a 2003103416
020 _a0448431815
020 _a9780448420615
035 _a(OCoLC)ocm52635314
040 _aIMF
_cIMF
_dOCLCQ
_dBAKER
_dJP3
_dDLC
_beng
050 0 0 _aMLCS 2006/42431
082 _aPZ7.P64
100 _aLewison, Wendy Cheyette
245 0 4 _aThe little engine that could saves the day /
_cAdapted by Wendy Cheyette Lewison ; illustrated by Cristina Ong
246 3 _aSaves the day
260 _aNew York :
_bPlatt & Munk, Publishers,
_c1968.
300 _a10 unnumbered pages :
_bcolor illustrations ;
_c20 cm
440 0 _aThe little engine that could
500 _aBoard books.
505 _aA
520 _aEnjoy the classic story of the Little Engine That Could, retold for young children.
521 8 _a10
_bLexile
521 8 _aA
_bRaz-Plus
650 1 _aLocomotives
_vFiction.
650 1 _aToys
_vFiction.
700 1 _aOng, Cristina,
_eillustrator
906 _a7
_bcbc
_ccopycat
_d2
_eepcn
_f20
_gy-gencatlg
942 _2ddc
_cBK
_n0
999 _c2232
_d2232